Špecifiká kozmetiky pre adolescentnú populáciu
Salvato in:
| Autore principale: | |
|---|---|
| Altri autori: | |
| Natura: | Manoscritto Libro |
| Lingua: | slovacco |
| Pubblicazione: |
2024
|
| Soggetti: | |
| Accesso online: | http://is.stuba.sk/zp/portal_zp.pl?podrobnosti=164087 |
| Tags: |
Nessun Tag, puoi essere il primo ad aggiungerne!!
|
MARC
| LEADER | 00000ntm a22000003a 4500 | ||
|---|---|---|---|
| 001 | stuzp93311 | ||
| 003 | SK-STU | ||
| 005 | 20240622210321.5 | ||
| 007 | ta | ||
| 008 | 150427s2015----xo-----f-mn---000-0-slo-d | ||
| 040 | |a STU |b slo | ||
| 041 | 0 | |a slo | |
| 100 | 1 | |a Kocholová, Soňa |u 040250 |4 aut |U FCHPT Ústav potravinárstva a výživy |T FCHPT Oddelenie potravinárskej technológie |X 111890 |U C0250 |Y 685 |7 111890 | |
| 242 | 0 | 1 | |a Specifics of Cosmetics for the Adolescent Population |y eng |
| 245 | 1 | 0 | |a Špecifiká kozmetiky pre adolescentnú populáciu |
| 260 | |c 2024 | ||
| 650 | 4 | |a acne vulgaris |2 slo | |
| 650 | 4 | |a adolescent |2 slo | |
| 650 | 4 | |a antioxidanty |2 slo | |
| 650 | 4 | |a komedón |2 slo | |
| 650 | 4 | |a adolescent |2 eng | |
| 650 | 4 | |a antioxidant |2 eng | |
| 650 | 4 | |a comedone |2 eng | |
| 650 | 4 | |a acne vulgaris |2 eng | |
| 700 | 1 | |a Toronyi, Aneta |u 040200 |k Z3 |4 ths |U FCHPT Fakulta chemickej a potravinárskej technológie |T FCHPT Ústav potravinárstva a výživy |X 63623 |U C020 |Y 684 |7 63623 | |
| 856 | 4 | |u http://is.stuba.sk/zp/portal_zp.pl?podrobnosti=164087 | |